Missing Word: Renée Zellweger Quiz Stats

 Plays Quiz Updated Feb 2, 2019

Support Sporcle.
Go Orange.
Score 0/20 Timer 03:00
0 Plays Today
Renée Zellweger Movie Answer % Correct
Bridget Jones's _____Diary
97.7%
_____ MaguireJerry
93.6%
My One and _____Only
89.9%
Me, Myself & _____Irene
88.4%
_____ True ThingOne
81.4%
Shark _____ (voice)Tale
76.7%
_____ MountainCold
74.6%
Cinderella _____Man
63.3%
Bridget Jones's ____Baby
62.6%
Bridget Jones: The Edge of _____Reason
59.2%
Renée Zellweger Movie Answer % Correct
_____ OleanderWhite
51.7%
_____ Movie (voice)Bee
44.7%
____ and NowHere
43.7%
_____ in TownNew
42.8%
_____ BettyNurse
38.7%
Down With ____Love
37.4%
_____ PotterMiss
34.8%
____ Kind of Different As MeSame
23.4%
My Own Love _____Song
8.9%
Case _____39
8%

Today's Daily Dose

From the Vault

America's Top 50 Employers

by nymous

Chances are you know at least one person who works at one of these companies.
Remove Ads.
Support Sporcle.
Get the best of Sporcle when you Go Orange. This ad-free experience offers more features, more stats, and more fun while also helping to support Sporcle. Thank you for becoming a member.

Show Comments

Extras

Top Quizzes Today


Score Distribution

Your Account Isn't Verified!

In order to create a playlist on Sporcle, you need to verify the email address you used during registration. Go to your Sporcle Settings to finish the process.

Report this User

Report this user for behavior that violates our Community Guidelines.

Details: